Freddy Gatón Arce : (Registro nro. 7337)

Detalles MARC
000 -LEADER
fixed length control field 01222nam a2200301 a 4500
001 - CONTROL NUMBER
control field 000018805
003 - CONTROL NUMBER IDENTIFIER
control field DO-SdBNP
005 - DATE AND TIME OF LATEST TRANSACTION
control field 20180213131916.0
007 - PHYSICAL DESCRIPTION FIXED FIELD--GENERAL INFORMATION
fixed length control field 000018805
008 - FIXED-LENGTH DATA ELEMENTS--GENERAL INFORMATION
fixed length control field 100519s2010 dr ac 001 pbspa d
020 ## - INTERNATIONAL STANDARD BOOK NUMBER
International Standard Book Number 9789993431336
040 ## - CATALOGING SOURCE
Original cataloging agency BPMSU
Language of cataloging spa
Transcribing agency BPMSU
049 ## - LOCAL HOLDINGS (OCLC)
Holding library
082 ## - DEWEY DECIMAL CLASSIFICATION NUMBER
Classification number RD861.44
Item number G261f
245 00 - TITLE STATEMENT
Title Freddy Gatón Arce :
Remainder of title trayectoria y obra.
260 ## - PUBLICATION, DISTRIBUTION, ETC. (IMPRINT)
Place of publication, distribution, etc. Santo Domingo :
Name of publisher, distributor, etc. Biblioteca Nacional Pedro Henríquez Ureña,
Date of publication, distribution, etc. 2010.
300 ## - PHYSICAL DESCRIPTION
Extent 48 p. :
Other physical details il., retrs. ;
Dimensions 22 cm.
504 ## - BIBLIOGRAPHY, ETC. NOTE
Bibliography, etc Incluye bibliografía y notas al pie de páginas.
504 ## - BIBLIOGRAPHY, ETC. NOTE
Bibliography, etc Bibliografía : p. 47-48.
505 0# - FORMATTED CONTENTS NOTE
Title Freddy Gatón Arce, trayectoria y obra --
-- Un momento en el pensamiento creador de Gatón Arce (Vlía) --
-- Vlía poema para la quinta hoja de un trébol cualquiera --
-- Algunas opiniones sobre Gatón Arce --
Miscellaneous information Bibliografía pasiva --
-- Bibliografía --
-- Fuentes a consultar en la web.
600 14 - SUBJECT ADDED ENTRY--PERSONAL NAME
Personal name GATÓN ARCE, FREDDY,
Dates associated with a name 1920-1994
General subdivision CRÍTICA E INTERPRETACIÓN
650 #4 - SUBJECT ADDED ENTRY--TOPICAL TERM
Topical term or geographic name as entry element POESÍA DOMINICANA
650 #4 - SUBJECT ADDED ENTRY--TOPICAL TERM
Topical term or geographic name as entry element LITERATURA DOMINICANA
910 ## - USER-OPTION DATA (OCLC)
User-option data Validado. Control de calidad EMS
942 ## - ADDED ENTRY ELEMENTS (KOHA)
Source of classification or shelving scheme Dewey Decimal Classification
Koha item type Libros
945 ## - LOCAL PROCESSING INFORMATION (OCLC)
a Inventariado / 2017 VM
956 ## - LOCAL ELECTRONIC LOCATION AND ACCESS (OCLC)
Host name VMATEO
Access number 10
Compression information 20120719
Logon BPMSU
Processor of request 0069
Existencias
Withdrawn status Lost status Source of classification or shelving scheme Damaged status Not for loan Collection code Home library Current library Date acquired Total Checkouts Full call number Barcode Date last seen Price effective from Koha item type Copy number
    Dewey Decimal Classification     Colección Dominicana Biblioteca Pública Metropolitana Salomé Ureña Biblioteca Pública Metropolitana Salomé Ureña 02/04/2015   RD861.44 G261f BPMSU15041055 02/04/2015 02/04/2015 Libros  
    Dewey Decimal Classification     Colección Dominicana Biblioteca Pública Metropolitana Salomé Ureña Biblioteca Pública Metropolitana Salomé Ureña 02/04/2015   RD861.44 G261f BPMSU15041056 02/04/2015 02/04/2015 Libros e. 2
    Dewey Decimal Classification     Colección Dominicana Biblioteca Pública Metropolitana Salomé Ureña Biblioteca Pública Metropolitana Salomé Ureña 02/04/2015   RD861.44 G261f BPMSU15041057 02/04/2015 02/04/2015 Libros e. 3